Statistics for Claims to Rome

Click here to take the quiz!

General Stats

  • This quiz has been taken 22 times
  • The average score is 4 of 10

Answer Stats

HintAnswer% Correct
Tsar/CzarRussia | Bulgaria | Serbia
100%
King of the RomansHoly Roman Empire
69%
Keyser-i RumOttoman Empire
69%
Second RomeByzantine Empire
54%
Rome of the PeopleItaly
54%
KaiserGerman Empire
46%
Latin EmpireCrusaders
23%
Bishop of RomePapacy
15%
Crown of CharlemagneNapoleon Bonaparte
8%
Sultanate of RumSeljuk Turks
8%

Score Distribution

Percentile by Number Answered

Percent of People with Each Score

Your Score History

You have not taken this quiz